[Event "VIE-ch U11"]
[Site "Ho Chi Minh City"]
[Date "2014.07.13"]
[Round "2"]
[White "Truong, Le Quang Huy"]
[Black "Nguyen, Nhat Minh"]
[Result "1/2-1/2"]
[WhiteElo "1972"]
[BlackElo "1950"]
[PlyCount "133"]
[EventDate "2014.07.13"]
[EventType "swiss"]
[EventRounds "9"]
[EventCountry "VIE"]
[SourceTitle "EXT 2016"]
[Source "ChessBase"]
[SourceDate "2015.10.08"]
[SourceVersion "1"]
[SourceVersionDate "2015.10.08"]
[SourceQuality "1"]

1. d4 Nf6 2. c4 g6 3. Nc3 Bg7 4. e4 d6 5. Nf3 0-0 6. h3 Nc6 7. d5 Nb8 8. Bd3 e5 9. Bg5 Nbd7 10. Qd2 Nc5 11. b4 Nxd3+ 12. Qxd3 Qd7 13. 0-0 Ne8 14. Qd2 f5 15. exf5 Qxf5 16. Nh4 Qd7 17. Rfe1 b6 18. f4 Bb7 19. a4 Qf7 20. Rf1 Qd7 21. Rae1 Rc8 22. b5 a6 23. Na2 a5 24. Nf3 h6 25. fxe5 hxg5 26. e6 Qe7 27. Nxg5 Bh6 28. Rxf8+ Kxf8 29. Rf1+ Nf6 30. Nc3 Kg7 31. h4 Rf8 32. Qd4 Kg8 33. Nf7 Bg7 34. Qd3 Kh7 35. Ng5+ Kh6 36. Qe3 Bc8 37. Nce4 Bb7 38. Nf7+ Kh7 39. Neg5+ Kg8 40. Qh3 Bxd5 41. cxd5 Nxd5 42. h5 Bd4+ 43. Kh1 Qxg5 44. h6 Qh5 45. Rf3 Ne7 46. Qxh5 gxh5 47. Rg3+ Kh7 48. Rg5 Bf6 49. Rxh5 d5 50. g4 d4 51. g5 d3 52. Rh3 d2 53. Rd3 Bxg5 54. Nxg5+ Kxh6 55. Nf7+ Kg6 56. Rxd2 Rxf7 57. exf7 Kxf7 58. Rd7 Ke6 59. Rxc7 Kd6 60. Rb7 Nd5 61. Kg2 Kc5 62. Kf3 Nc3 63. Rc7+ Kb4 64. Rc6 Nxa4 65. Ke4 Kxb5 66. Rc1 Nc5+ 67. Kd5 1/2-1/2